Testing of rubber and elastomers. Determination of tension set after constant deformation. (Record no. 73325)

MARC details
000 -LEADER
fixed length control field 00391nam a2200133Ia 4500
245 #0 - TITLE STATEMENT
Title Testing of rubber and elastomers. Determination of tension set after constant deformation.
260 ## - PUBLICATION, DISTRIBUTION, ETC. (IMPRINT)
Year of publication 1979
500 ## - GENERAL NOTE
General note Standard number: DIN 53 518
650 ## - SUBJECT ADDED ENTRY--TOPICAL TERM
Topical Term Constant deformation
650 ## - SUBJECT ADDED ENTRY--TOPICAL TERM
Topical Term Elastomers
650 ## - SUBJECT ADDED ENTRY--TOPICAL TERM
Topical Term Tension set
942 ## - ADDED ENTRY ELEMENTS (KOHA)
Koha item type Standards
Holdings
Withdrawn status Lost status Damaged status Not for loan Collection code Home library Current library Date acquired Koha item type
      Standards DIN standards/German Standards RRII Library RRII Library 31/12/2021 Standards